| 000 | 00820nam a2200253 a 4500 | ||
|---|---|---|---|
| 999 |
_c7008 _d7008 |
||
| 005 | 20200104041613.0 | ||
| 008 | 160228s2005 ck o gr|||| 000 0 spa d | ||
| 040 |
_aCO-BoIAVH _cCO-BoIAVH |
||
| 041 | 0 | _aspa | |
| 044 | _ack | ||
| 090 |
_aFG- _b0203 |
||
| 100 | 1 | _aHernández B., Sandra | |
| 245 | 1 | 0 | _aPropuesta para un plan de ordenación pesquera en la laguna de Fúquene |
| 260 |
_aBogotá : _bFundación Humedales, _c2005. |
||
| 300 |
_a13 páginas : _bfotografías a color; _c24 x 17 cm. |
||
| 490 | 0 |
_aSerie Divulgativa Técnica ; _v1 |
|
| 650 | 1 | 6 | _aProducción pesquera |
| 650 | 2 | 6 | _aDesarrollo sostenible |
| 650 | 2 | 6 | _aRecursos pesqueros |
| 650 | 2 | 6 | _aPesquería |
| 700 | 1 | _aValderrama, Mauricio | |
| 710 | 2 | _aFundación humedales | |
| 942 |
_cFolleto _2z |
||